00337nam a2200109Ia 4500008004100000020001800041040002900059050002100088100003100109245005600140260003100196230104s9999||||xx |||||||||||||| ||und|| a0-07-024768-4 cChuka University Library aHM 51bG45 1999  aGelles Richard, Ann Levine 0aStudy guide for use with sociology: An introduction aMcgraw hill bBostonc1999